Islám a sebedestrukce Západu výbor z textů

Saved in:
Bibliographic Details
Main Author: Lisicki, Paweł
Other Authors: Červenka, Jiří, Szymanowská, Lucie
Format: Book
Language:Czech
Published: Brno Centrum pro studium demokracie a kultury 2016
Series:Politika a společnost
Subjects:
Tags: Add Tag
No Tags, Be the first to tag this record!

MARC

LEADER 00000nam a2200000 4500
001 0242307
005 20240313085916.9
020 |a 978-80-7325-395-0 
041 0 |a cze 
044 |a CZ 
245 1 0 |a Islám a sebedestrukce Západu  |b výbor z textů  |c Paweł Lisicki 
264 1 |a Brno  |b Centrum pro studium demokracie a kultury  |c 2016 
300 |a 219 s. 
490 1 |a Politika a společnost 
830 0 |a Politika a společnost 
610 2 0 |a vývoj spoločenský 
610 2 0 |a kríza 
610 2 0 |a spoločnosť postmoderná 
610 2 0 |a kresťanstvo 
610 2 0 |a islam 
610 2 0 |a fundamentalizmus 
610 2 0 |a javy sociálne 
610 2 0 |a kritika 
610 2 0 |a konzervativizmus 
610 2 0 |a novinárstvo 
610 2 0 |a Poľsko 
100 1 |a Lisicki, Paweł 
700 1 |a Červenka, Jiří 
700 1 |a Szymanowská, Lucie